Statystyki dla Podchwytliwe pytania matematyczne

Kliknij tutaj aby rozwiązać quiz!

Ogólne statystyki

  • Ten quiz został rozwiązany 87 razy
  • Średni wynik to 4 z 9

Statystyki odpowiedzi

ZadanieOdpowiedź% Poprawnych
6 : 2 (2+1) =9
97%
Cegła waży 2kg i pół cegły. Ile kg waży cegła?4
62%
W klasie jest dwanaścioro dzieci. Sześcioro dzieci ma na sobie skarpetki, a czworo ma buty. Troje dzieci ma na sobie obie te rzeczy. Ile dzieci ma gołe stopy?5
48%
Dwie osoby stoją przed dwiema osobami, dwie osoby stoją za dwiema osobami i dwie osoby stoją obok dwóch osób. Ile osób jest w tej grupie?4
42%
Ania napisała na kartce papieru wszystkie liczby od 300 do 400. Ile razy napisała cyfrę 3?120
35%
Harry ma 54 lata, a jego matka, Anna, ma 80 lat. Ile lat temu Anna była trzy razy starsza od swojego syna Harry’ego?41
27%
Zapytałem pewną dziewczynę, ile ma lat. Odpowiedziała: “Za 2 lata będę miała dwa razy więcej lat niż 5 lat temu”. Ile ona ma lat?12
26%
Jestem liczbą trzycyfrową. Moja cyfra dziesiątek jest o pięć większa od mojej cyfry jedności. Moja cyfra setek jest o osiem mniejsza od mojej cyfry dziesiątek. Jaką jestem liczbą?194
17%
Pewna liczba ma trzy cyfry. Suma tych trzech cyfr jest 36 razy większa od tej liczby. Siedmiokrotność lewej cyfry plus 9 jest równa pięciokrotności sumy dwóch pozostałych cyfr. 8 razy druga cyfra minus 9 jest równa sumie pierwszej i trzeciej cyfry. Jaka jest ta liczba?324
0%

Rozkład punktacji

Percentyl według liczby udzielonych odpowiedzi

Procent ludzi z każdym wynikiem

Twoja historia wyników

Nie rozwiązałeś tego quizu